| 000 | 00787nam a22002297a 4500 | ||
|---|---|---|---|
| 005 | 20170213171051.0 | ||
| 010 | _aENG-117234 | ||
| 020 |
_a9789351507598 _c850.00 |
||
| 035 | _aEN-100766 | ||
| 037 | _bDBAD/PUB | ||
| 082 | 0 | 0 | _a361.20715 |
| 100 | 1 | _aPrentis, Paula | |
| 245 | 1 | 0 |
_aUsing entertainment-education for distance education / _cby Esta de Fossard [and] Michael Baily |
| 250 | _a2nd ed. | ||
| 260 |
_a New Delhi _bSAGE Publications, _c2017 |
||
| 270 |
_aB1/I-1 Mohan Cooperative Industrial Area, Mathura Road _b New Delhi _e110044 |
||
| 300 |
_aix,291p. : _c28 cm.(pbk) _bill (map) |
||
| 504 | _aIncludes references and index. | ||
| 505 | _aCommunication for behavior change vol-3 | ||
| 700 | _a Baily,Michael | ||
| 942 |
_2ddc _cEN _h361.20715 _mFOS |
||
| 999 |
_c137576 _d137576 |
||